2022 F3 grid - Statistics

General Stats
  • This quiz has been taken 13 times
  • The average score is 24 of 40
Answer Stats
Team Nationality Rounds Answer % Correct
Van Amersfoort Racing Argentina All Franco Colapinto
100%
Prema Monaco All Arthur Leclerc
89%
Prema USA All Jak Crawford
89%
MP motorsport India All Kush Maini
89%
Prema UK All Oliver Bearman
89%
Campos Racing Spain All Pepe Martí
89%
Trident Barbados All Zane Maloney
89%
Hitech GP France All Isack Hadjar
78%
Campos Racing Monaco 6-7 Oliver Goethe
78%
Van Amersfoort Racing Mexico All Rafael Villagómez
78%
Trident Czech Republic All Roman Staněk
78%
Campos Racing Colombia 8 Sebastián Montoya
78%
ART GP France All Victor Martins
78%
MP motorsport Brazil All Caio Collet
67%
ART GP Switzerland All Grégoire Saucy
67%
Jenzer Motorsport Israel All Ido Cohen
67%
ART GP USA 1,3-9 Juan Manuel Correa
67%
Jenzer Motorsport Finland 1 Niko Kari
67%
Carlin UK All Zak O'Sullivan
67%
MP motorsport 1-3,5-9 Alexander Smolyar
56%
MP motorsport Romania 4 Filip Ugran
56%
Charouz Racing System Italy All Francesco Pizzi
56%
Campos Racing USA 1-5,9 Hunter Yeany
56%
Trident UK 1,4-9 Jonny Edgar
56%
Hitech GP USA All Kaylen Frederick
56%
Charouz Racing System Hungary All László Tóth
56%
Charouz Racing System UK 1 Ayrton Simmons
44%
Carlin USA All Brad Benavides
44%
Charouz Racing System UK 6-7 Christian Mansell
44%
Charouz Racing System Germany 2,8 David Schumacher
44%
Campos Racing Spain All David Vidales
44%
Carlin Italy All Enzo Trulli
44%
Trident Denmark 2-3 Oliver Rasmussen
44%
Jenzer Motorsport Finland All William Alatalo
44%
Jenzer Motorsport Italy 2-9 Federico Malvestiti
33%
Charouz Racing System Germany 3 Lirim Zendeli
33%
Hitech GP Malaysia All Nazim Azman
33%
Van Amersfoort Racing UK All Reece Ushijima
33%
Charouz Racing System Italy 9 Alessandro Famularo
22%
Charouz Racing System Portugal 4-5 Zdeněk Chovanek
22%
No matching quizzes found
Score Distribution
Percent of People with Each Score
Percentile by Number Answered
Your Score History
You have not taken this quiz